000 00765cam a2200253 a 4500
001 000007715
005 20200929154255.0
008 780221s1982 sp 000 1 spa
020 _a8423306941
040 _aDO-SdBNP
_bspa
_cLC
_dBNPHU
082 _a863.64
_bT692f, 1982
100 1 _aTorrente Ballester, Gonzalo.
_921384
245 1 0 _aFragmentos de Apocalipsis /
_cGonzalo Torrente Ballester.
250 _a2a ed.
260 _aBarcelona :
_bDestino,
_c1982.
300 _a397 p. ;
_c19 cm.
490 1 _aAncora y Delfín,
_v513
586 _a"Premio de la Crítica 1977".
650 4 _aNovela española
_91123
650 4 _aLiteratura española
_9632
830 0 _aAncora y Delfín,
_v513
_921385
910 _aCatalogación por copia / LC
049 _aBNGR
999 _c7493
_d7493